00991nam a2200229 4500003000400000005001700004008004100021040002300062050002000085100001000105110004000115245013700155264010600292300006700398336002200465337002400487338002400511500007900535650006000614650005200674700003500726OSt20260601193903.0260508b1968 xxu||||| |||| 00| 0 eng d aICIbspacICIerda 0aNC998bA33 1968 eautor 2aArt Directors Club (New York, N.Y.) 1aThe 47th annual of advertising, editorial & television art & design / cArt Directors Club of New York ; editor, Richard MacFarlane. aNew York : b Published by Watson-Guptill Publications for the Art Directors Club of New York,c1968. a1 volumen (sin paginar) : b ilustraciones (algunas a color) ; 2rdacontentatexto 2rdamediaasin medio 2rdacarrieravolumen aBasado en la 47ª Exposición Anual del Art Directors Club de Nueva York. aPublicidad v Anuarios.xArte comercialzEstados Unidos aDiseño gráfico v Anuarios.zEstados Unidos 1aMacFarlane, Richard, eeditor.